UK Mammals by Picture - Statistics

General Stats
  • This quiz has been taken 42 times
  • The average score is 11 of 16
Answer Stats
Picture Answer % Correct
Eurasian Beaver
97%
European Badger
97%
European Otter
97%
Red Squirrel
94%
Red Fox
88%
Stoat
88%
Scottish Wildcat
85%
Least Weasel
82%
Red Deer
79%
Wood Mouse
79%
Pine Marten
71%
Eurasian Polecat
68%
Roe Deer
56%
Water Shrew
53%
Daubenton's Bat
6%
Barbastelle Bat
3%
No matching quizzes found
Score Distribution
Percent of People with Each Score
Percentile by Number Answered
Your Score History
You have not taken this quiz